UBT Library

Yao & Artusio's anesthesiology : (Record no. 42879)

000 -LEADER
fixed length control field 00811cam a2200253 a 4500
001 - CONTROL NUMBER
control field 13458076
005 - DATE AND TIME OF LATEST TRANSACTION
control field 20180220035636.0
008 - FIXED-LENGTH DATA ELEMENTS--GENERAL INFORMATION
fixed length control field 040114s2003 paua b 001 0 eng
010 ## - LIBRARY OF CONGRESS CONTROL NUMBER
LC control number 2004266893
020 ## - INTERNATIONAL STANDARD BOOK NUMBER
International Standard Book Number 0781736412
040 ## - CATALOGING SOURCE
Original cataloging agency DLC
Transcribing agency DLC
Modifying agency DLC
041 ## - LANGUAGE CODE
Language code of text/sound track or separate title eng
080 ## - UNIVERSAL DECIMAL CLASSIFICATION NUMBER
Universal Decimal Classification number 617.96 fun
082 04 - DEWEY DECIMAL CLASSIFICATION NUMBER
Classification number 617.96 fun
Edition number 21
100 ## - Rafti
Rafti 6
101 ## - Shkurtesa
Shkurtesa ane
245 00 - TITLE STATEMENT
Title Yao & Artusio's anesthesiology :
Statement of responsibility, etc editor, Fun-Sun F. Yao ; with 66 contributors.
246 3# - VARYING FORM OF TITLE
Title proper/short title Yao and Artusio's anesthesiology
246 30 - VARYING FORM OF TITLE
Title proper/short title Anesthesiology
504 ## - BIBLIOGRAPHY, ETC. NOTE
Bibliography, etc Includes bibliographical references and index.
906 ## - LOCAL DATA ELEMENT F, LDF (RLIN)
a 7
b cbc
c origcop
d 2
e ncip
f 20
g y-gencatlg
942 ## - ADDED ENTRY ELEMENTS (KOHA)
Source of classification or shelving scheme
Item type Books
Holdings
Withdrawn status Lost status Source of classification or shelving scheme Damaged status Not for loan Collection code Permanent location Current location Shelving location Date acquired Total Checkouts Full call number Barcode Date last seen Price effective from Koha item type
          Koleksioni i përgjithshem UBT - Lipjan UBT - Lipjan Koleksioni i përgjithshem 02/20/2018   617.96 fun 002-2998304 02/20/2018 02/20/2018 Books
UBT Library © 2015-2024. All rights reserved University Education for Business and Technology